Normal view MARC view
  • KENJALE, SEEMA RAHUL

Entry Personal Name

Number of records used in: 1

001 - CONTROL NUMBER

  • control field: 8660

003 - CONTROL NUMBER IDENTIFIER

  • control field: JRU

005 - DATE AND TIME OF LATEST TRANSACTION

  • control field: 20250904142141.0

008 - FIXED-LENGTH DATA ELEMENTS

  • fixed length control field: 250904|| aca||aabn | a|a d

040 ## - CATALOGING SOURCE

  • Original cataloging agency: JRU
  • Transcribing agency: JRU

100 ## - HEADING--PERSONAL NAME

  • Personal name: KENJALE, SEEMA RAHUL

670 ## - SOURCE DATA FOUND

  • Source citation: Work cat.: (JRU)8787: KENJALE, SEEMA RAHUL, HUMAN ANATOMY & PHYSIOLOGY : Exclusive [prepared for D PHARMA [1st year students ], 2025